000 00502nam a22001697a 4500
005 20251108173700.0
008 250721s2007 xx 000 0 ara d
082 1 4 _a811.9567/جحد
100 1 _aالجحدري، ليلى إلهان
_eمؤلف
245 1 0 _aقليلاً ما أكون /
264 1 _aعمان :
_bدار أزمنة للنشر و التوزيع،
_c2007.
300 _a155 ص.
650 1 7 _aالشعر العربي
650 1 7 _aاليمن
942 _2ddc
_cBK
999 _c109825
_d109825